Sprachwissenschaft <Ein> Reader
Guardado en:
| Otros Autores: | |
|---|---|
| Formato: | Libro |
| Lenguaje: | alemán |
| Publicado: |
Berlin
Walter de Gruyter
2019
|
| Edición: | 4. aktualisierte und erweiterte Auflage |
| Colección: | Studium
|
| Materias: | |
| Etiquetas: |
Sin Etiquetas, Sea el primero en etiquetar este registro!
|
MARC
| LEADER | 00000nam a2200000 4500 | ||
|---|---|---|---|
| 001 | 0278771 | ||
| 005 | 20240221113209.7 | ||
| 020 | |a 978-3-11-058295-6 | ||
| 020 | |a 978-3-11-058897-2 | ||
| 020 | |a 978-3-11-059105-7 | ||
| 041 | 0 | |a ger | |
| 044 | |a DE | ||
| 245 | 1 | 0 | |a Sprachwissenschaft |b <Ein> Reader |c (Hrsg.): Ludger Hoffmann |
| 250 | |a 4. aktualisierte und erweiterte Auflage | ||
| 264 | 1 | |a Berlin |b Walter de Gruyter |c 2019 | |
| 300 | |a 1091 s. | ||
| 490 | 1 | |a Studium | |
| 830 | 0 | |a Studium | |
| 610 | 2 | 0 | |a jazykoveda |
| 610 | 2 | 0 | |a jazyky cudzie |
| 610 | 2 | 0 | |a terminológia |
| 610 | 2 | 0 | |a filozofia |
| 610 | 2 | 0 | |a história |
| 610 | 2 | 0 | |a syntax |
| 610 | 2 | 0 | |a konverzácia |
| 610 | 2 | 0 | |a sémantika |
| 700 | 1 | |a Hoffmann, Ludger | |